Impactos de la dinámica del mercado de trabajo sobre la distribución del ingreso y la pobreza en Argentina /

Պահպանված է:
Մատենագիտական մանրամասներ
Հիմնական հեղինակ: Beccaria, Luis
Այլ հեղինակներ: González, Mariana
Ձևաչափ: Տեքստ
Խորագրեր:
Ցուցիչներ: Ավելացրեք ցուցիչ
Չկան պիտակներ, Եղեք առաջինը, ով նշում է այս գրառումը!

MARC

LEADER 00000 a a2200000 04500
001 42544
003
040
100 |a Beccaria, Luis  
245 |a Impactos de la dinámica del mercado de trabajo sobre la distribución del ingreso y la pobreza en Argentina /  |c Luis Beccaria; Mariana González  
650 |a MERCADO DEL TRABAJO  
650 |a DISTRIBUCION DEL INGRESO  
650 |a ARGENTINA  
650 |a INGRESO  
650 |a POBREZA  
700 |a González, Mariana  
773 |g volumen37, número146 ( , 2006), páginas 97-120  
999 |c 37720  |d 37720